| 000 | 00748cam a2200241 i 4500 | ||
|---|---|---|---|
| 999 |
_c219544 _d219544 |
||
| 001 | 3185993 | ||
| 003 | Nust | ||
| 005 | 20170213184910.0 | ||
| 008 | 770118s1976 enk 000 1 eng | ||
| 010 | _a 76383856 | ||
| 015 | _aGB76-07623 | ||
| 020 | _a9788129108739 | ||
| 040 |
_aDLC _cDLC _dDLC |
||
| 050 | 0 | 0 |
_aPZ4.O85 _bDqw _aPR6057.O714 |
| 082 | 0 | 0 |
_a823.914 _bGOR |
| 100 | 1 |
_aGordon, Richard, _d1921- |
|
| 245 | 1 | 0 |
_aDoctor on the job / _cRichard Gordon |
| 260 |
_aLondon : _bHeinemann, _c2006. |
||
| 300 |
_a198 p. ; _c21 cm. |
||
| 650 | 0 |
_aPhysicians _vFiction. |
|
| 655 | 7 |
_aHumorous fiction. _2gsafd |
|
| 906 |
_a7 _bcbc _corignew _d3 _encip _f19 _gy-gencatlg |
||
| 942 |
_2ddc _cBK |
||